00924nam a2200253Ia 4500003000900000008004100009020001800050040001600068080001900084245014300103260002000246300001500266490006500281650002000346650004100366650001600407650001700423650001700440700003200457700002700489942000700516999001500523952013200538IN-BaIIA211028s9999 xx 000 0 eng d a0-444-87035-0 cIIA Library a063:53bENF-98 4aThe evolution of the small bodies of the solar systemcedited by M. Fulchignoni and L. Kresak  aAmsterdamc1987 axii, 307p. aProceedings of the International School of Physics Enrico Fe aAsteroids94064 aAstronomy and Astrophysics Thesaurus aComets9755 aPlanets9971 aSolar System aFulchignoni, M., ed.915482 aKresak, L., ed.915483 cBK c9215d9215 00102ddc4070aBANbBANcGENd0000-00-00g1276.50l0o063:53/ ENF-98p10121r2021-11-05v1276.50w0000-00-00yBKGRs. 1276.50